American prosperity : its causes and consequences /

Bibliographic Details
Main Author: Mazur, Paul Myer
Format: Book
Language:English
Published: New York : The Viking Press, 1928.
Subjects:

MARC

Tag First Indicator Second Indicator Subfields
LEADER 00000cam a2200000 4500
001 in00000055708
005 20151008052305.0
008 720420s1928 nyu 00000 eng u
010 |a  28008730  
035 |a (OCoLC)00289643 
035 |9 AAH2650AM 
040 |c YNG  |d TXA  |d UtOrBLW 
049 |a TXAM  |c [36141] 
050 0 |a HC106.3  |b .M3 
092 |a 338  |b M47a 
100 1 |a Mazur, Paul Myer. 
245 1 0 |a American prosperity :  |b its causes and consequences /  |c by Paul M. Mazur. 
264 1 |a New York :  |b The Viking Press,  |c 1928. 
300 |a xv, 268 pages 
336 |a text  |b txt  |2 rdacontent 
337 |a unmediated  |b n  |2 rdamedia 
338 |a volume  |b nc  |2 rdacarrier 
651 0 |a United States  |x Economic conditions  |y 1918-1945. 
999 |a MARS 
999 f f |s a80bada3-10ac-32dd-b496-b4126ae7bc61  |i 72fb1ae9-4ee7-3415-aefd-a4d809d5f503  |t 0 
952 f f |p ric  |a Texas A&M University  |b Rellis Campus  |c Joint Library Facility  |d Remote Storage  |t 0  |e HC106.3 .M3  |h Library of Congress classification  |i unmediated -- volume  |m A14800754745 
998 f f |a HC106.3 .M3  |t 0  |l Remote Storage